Cultural Imperialism (Record no. 12708)

MARC details
000 -LEADER
fixed length control field 00636nam a2200241 a 4500
020 ## - INTERNATIONAL STANDARD BOOK NUMBER
ISBN
082 00 - DEWEY DECIMAL CLASSIFICATION NUMBER
Classification number 306.4
Author Cutter CEC
100 ## - MAIN ENTRY--AUTHOR NAME
Author name Cecil, Robert
245 ## - TITLE STATEMENT
Title Cultural Imperialism
Sub title the Text of a Lecture Delivered Under the Aegis of Th
260 ## - PUBLICATION, DISTRIBUTION, ETC. (IMPRINT)
Place of publication Kent
Name of publisher Inst. for Cultural Research
Year of publication 1971
300 ## - PHYSICAL DESCRIPTION
Number of Pages 7p
500 ## - GENERAL NOTE
General note includes index and biblioraphy
505 2# - FORMATTED CONTENTS NOTE
Formatted contents note Glossary, Index
650 ## - SUBJECT ADDED ENTRY--TOPICAL TERM
Topical Term Culture Conflict
942 ## - ADDED ENTRY ELEMENTS (KOHA)
Koha item type Books
700 1# -
-- Cecil, Robert
Holdings
Collection code Home library Current library Date acquired Cost, normal purchase price Full call number Accession Number Koha item type
  Henry Martyn Institute Library Henry Martyn Institute Library 04/04/2007 100.00 306.4 CEC 017367 Books
                   Copyright © 2026 | Henry Martyn Institute | Hyderabad | TS-500052 | INDIA | Implemented by hmi.edu.in
Hit-Count:

Powered by Koha